000 00673nam a22002057a 4500
005 20240530110930.0
008 220214s2008 ua g 000 p ara d
017 _bمصر. دار الكتب
020 _a9789953872247
040 _aEG-CaGPL
_cEG-CaGPL
082 0 4 _221
_a811.052/
_bإ ق
100 0 _aابراهيم الزبيدى
245 1 0 _aالقافلة الاخيرة :
_bسيرة شعرية /
_cابراهيم الزبيدى
250 _aط. 3
260 _aبيروت :
_bالدار العربية للعلوم ناشرون،
_c2008
300 _a164 ص. ؛
_c20 سم
650 0 7 _2qrmak
_aالشعر العربى
651 _2qrmak
942 _2ddc
_cBK
999 _c66641
_d66641